[Event "ch-RUS Rapid Women 2017"]
[Site "Sochi RUS"]
[Date "2017.10.01"]
[Round "6.4"]
[White "Goltseva, Ekaterina"]
[Black "Pogonina, Natalija"]
[Result "0-1"]
[WhiteTitle "WFM"]
[BlackTitle "WGM"]
[WhiteElo "2214"]
[BlackElo "2466"]
[WhiteFideId "24173770"]
[BlackFideId "4147855"]
[EventDate "2017.09.30"]

1. d4 Nf6 2. c4 e6 3. Nc3 Bb4 4. Qc2 O-O 5. a3 Bxc3+ 6. Qxc3 b6 7. Bg5 c5 8.
dxc5 bxc5 9. Nf3 d6 10. e3 Nbd7 11. Bd3 Qb6 12. O-O Rb8 13. Rab1 a5 14. b3 h6
15. Bh4 Bb7 16. Nd2 Ba8 17. f3 d5 18. Bf2 Rfd8 19. Rfc1 Qa7 20. cxd5 Nxd5 21.
Qc2 Ne5 22. Bf1 Rbc8 23. Nc4 Nxc4 24. Bxc4 Ne7 25. Bd3 Qd7 26. Rd1 Qc6 27. e4
Ng6 28. Rdc1 Nf4 29. Bf1 e5 30. Qxc5 Nh3+ 31. gxh3 Qg6+ 32. Bg2 Rxc5 33. Rxc5
Qd6 34. Rxa5 Qd3 35. Rc1 Qxb3 36. Rxe5 Qb2 37. Rec5 Rd2 38. Rf1 Bb7 39. Ra5 Kh7
40. Bh1 Bc8 41. Bg2 Be6 42. Rc5 Qa2 43. f4 Bc4 44. Rxc4 Qxc4 45. Bg3 Qc2 46. Bf3
Qc5+ 47. Kh1 Qxa3 48. e5 Qd3 49. Kg1 g6 50. Bg2 Rd1 51. h4 Qe3+ 52. Kh1 Qe2 53.
Kg1 Kg7 54. Bh3 Qe3+ 55. Kh1 Qf3+ 56. Kg1 Kf8 57. Bg2 Rxf1+ 58. Bxf1 Ke7 59. Bg2
Qe3+ 60. Kf1 Kd8 61. Bh3 Kc7 62. e6 f5 63. h5 Qf3+ 64. Kg1 Qxh5 65. Bg2 Qd1+ 66.
Kf2 Kd6 67. Bf3 Qd2+ 68. Be2 Kxe6 69. Kf1 Qe3 70. Ke1 g5 71. fxg5 hxg5 72. Bf2
Qc1+ 73. Bd1 f4 74. Ke2 Kf5 75. Ke1 g4 76. Ke2 Ke4 77. Ke1 Kd3 78. Bg1 Qd2+ 79.
Kf1 Qxd1+ 0-1

[Event "ch-RUS Rapid Women 2017"]
[Site "Sochi RUS"]
[Date "2017.10.01"]
[Round "6.5"]
[White "Tomilova, Elena"]
[Black "Voit, Daria"]
[Result "1/2-1/2"]
[WhiteTitle "WIM"]
[BlackTitle "FM"]
[WhiteElo "2307"]
[BlackElo "2387"]
[WhiteFideId "4162340"]
[BlackFideId "4182146"]
[EventDate "2017.09.30"]

1. d4 Nf6 2. Bg5 c5 3. Bxf6 gxf6 4. d5 Qb6 5. Qc1 d6 6. e3 f5 7. c4 Bg7 8. Nc3
Nd7 9. Nf3 Rg8 10. g3 Ne5 11. Nxe5 Bxe5 12. Qc2 Bd7 13. a3 O-O-O 14. Rb1 Qa5 15.
Bh3 e6 16. O-O h5 17. b4 Qxa3 18. Rb3 Qa6 19. bxc5 dxc5 20. dxe6 fxe6 21. Nb5
Qa4 22. f4 Bxb5 23. cxb5 Bc7 24. Qb2 Rd2 25. Qxd2 Qxb3 26. Bg2 h4 27. gxh4 Qxb5
28. h5 c4 29. h6 Qc5 30. Qc3 Qc6 31. Rf2 Qd7 32. Qxc4 Rh8 33. Rb2 Rxh6 34. Bxb7+
Kd8 35. Bg2 Qd1+ 36. Qf1 Qxf1+ 37. Bxf1 Bb6 38. Rb3 1/2-1/2

[Event "ch-RUS Rapid Women 2017"]
[Site "Sochi RUS"]
[Date "2017.10.01"]
[Round "6.6"]
[White "Styazhkina, Anna"]
[Black "Girya, Olga"]
[Result "1/2-1/2"]
[WhiteTitle "WIM"]
[BlackTitle "WGM"]
[WhiteElo "2301"]
[BlackElo "2505"]
[WhiteFideId "24119300"]
[BlackFideId "4195752"]
[EventDate "2017.09.30"]

1. e4 c6 2. d4 d5 3. e5 Bf5 4. Be2 e6 5. Nf3 Ne7 6. O-O Bg6 7. Re1 h6 8. Nbd2
Nd7 9. Nf1 c5 10. c4 a6 11. Ne3 Be4 12. cxd5 Nxd5 13. Nc4 b5 14. Nd6+ Bxd6 15.
exd6 O-O 16. Ne5 cxd4 17. Qxd4 N7f6 18. d7 Qb6 19. Be3 Qxd4 20. Bxd4 Rfd8 21.
Bd1 Bh7 22. Bf3 Nxd7 23. Nc6 Re8 24. Bxd5 exd5 25. Ne7+ Kf8 26. Nxd5 Rxe1+ 27.
Rxe1 Bf5 28. Nc7 Rc8 29. Nxa6 Be6 30. a3 Rc4 31. Bc3 h5 32. h3 g5 33. Nb4 h4 34.
Nd3 g4 35. hxg4 Rxg4 36. Kh2 Rc4 37. f3 Ke7 38. Ne5 Rc8 39. Bb4+ Kf6 40. Bc3
Nxe5 41. Bxe5+ Kg5 42. Bc3 Rc5 43. Re4 Rf5 44. Be1 h3 45. Bd2+ Kf6 46. Bc3+ Ke7
47. a4 hxg2 48. Kxg2 bxa4 49. Rxa4 Bd5 50. Bb4+ Kd7 51. Ra3 Kc6 52. Re3 Kb5 53.
Bc3 Kc4 54. Kg3 Rg5+ 55. Kf4 Rg2 56. Ke5 Rg5+ 57. Kf4 Rg2 58. Kf5 Rg3 59. Kf4
Rg2 60. Be5 Rc2 61. Kf5 Kb5 62. f4 Rc4 63. Rb3+ Rb4 64. Rg3 Rb3 65. Rg7 Rh3 66.
Kf6 Rh6+ 67. Kg5 Rh1 68. Kf6 Rh6+ 69. Ke7 Re6+ 70. Kf8 f5 71. Rc7 Rc6 72. Rb7+
Rb6 73. Rd7 Be4 74. Ke7 Rb7 75. Rxb7+ 1/2-1/2

[Event "ch-RUS Rapid Women 2017"]
[Site "Sochi RUS"]
[Date "2017.10.01"]
[Round "6.7"]
[White "Ubiennykh, Ekaterina"]
[Black "Maltsevskaya, Aleksandra"]
[Result "1-0"]
[WhiteTitle "WIM"]
[WhiteElo "2308"]
[BlackElo "2271"]
[WhiteFideId "4137582"]
[BlackFideId "24174041"]
[EventDate "2017.09.30"]

1. d4 Nf6 2. c4 g6 3. Nc3 Bg7 4. e4 d6 5. Be2 O-O 6. Bg5 h6 7. Bf4 Nbd7 8. Qd2
Kh7 9. O-O-O Qe8 10. e5 Ng8 11. Nf3 dxe5 12. dxe5 c6 13. h4 Nc5 14. h5 g5 15.
Be3 Ne6 16. Bd3+ Kh8 17. Bc2 Qd8 18. Qe2 Qa5 19. Qd3 f5 20. exf6 Nxf6 21. Rhe1
Rd8 22. Qe2 Rxd1+ 23. Rxd1 Nf8 24. Bd4 Bf5 25. Qxe7 Re8 26. Qd6 N8d7 27. c5 Re6
28. Qg3 Bxc2 29. Kxc2 Nxc5 30. Nxg5 hxg5 31. h6 Bxh6 32. Qh3 Kh7 33. Rh1 Qa6 34.
Qxh6+ Kg8 35. Qg6+ Kf8 36. Bxc5+ 1-0

[Event "ch-RUS Rapid Women 2017"]
[Site "Sochi RUS"]
[Date "2017.10.01"]
[Round "6.8"]
[White "Kabanova, Ekaterina"]
[Black "Nechaeva, Marina"]
[Result "0-1"]
[WhiteTitle "WFM"]
[BlackTitle "IM"]
[WhiteElo "2205"]
[BlackElo "2431"]
[WhiteFideId "24112917"]
[BlackFideId "4149351"]
[EventDate "2017.09.30"]

1. Nf3 d5 2. c4 c6 3. e3 Nf6 4. Be2 e6 5. Qc2 Bd6 6. a3 O-O 7. b4 e5 8. d3 Re8
9. c5 Bc7 10. e4 a5 11. Bb2 b6 12. cxb6 Bd6 13. bxa5 Rxa5 14. O-O Qxb6 15. exd5
cxd5 16. d4 e4 17. Ne5 Ra8 18. Nd2 Nbd7 19. Rfb1 Ba6 20. Bxa6 Qxa6 21. Nxd7 Nxd7
22. Nf1 Nb6 23. Ne3 Bf4 24. Nf1 Rec8 25. Qd1 Na4 26. g3 Bg5 27. Qh5 Qg6 28. Qxg6
hxg6 29. h4 Bf6 30. Ra2 Rcb8 31. Nd2 Nxb2 32. Raxb2 Rxb2 33. Rxb2 Rxa3 34. Rb8+
Kh7 35. Nb3 Ra2 36. Rb7 Rb2 37. Nc5 Rxb7 38. Nxb7 Bxd4 39. Nd6 f5 40. Kf1 Be5
41. Nf7 Bc7 42. Ke2 d4 43. Ng5+ Kh6 44. Ne6 d3+ 45. Kd2 Ba5+ 46. Kd1 Kh5 47.
Nf4+ Kg4 48. Nxg6 Kf3 49. Ne7 Kxf2 50. Nxf5 e3 0-1

[Event "ch-RUS Rapid Women 2017"]
[Site "Sochi RUS"]
[Date "2017.10.01"]
[Round "6.9"]
[White "Shaydullina, Sandugach"]
[Black "Kovanova, Baira"]
[Result "1-0"]
[WhiteTitle "WGM"]
[BlackTitle "WGM"]
[WhiteElo "2185"]
[BlackElo "2368"]
[WhiteFideId "4140389"]
[BlackFideId "4164083"]
[EventDate "2017.09.30"]

1. d4 Nf6 2. c4 e6 3. Nf3 Bb4+ 4. Bd2 Bxd2+ 5. Qxd2 O-O 6. Nc3 d6 7. g3 b6 8.
Bg2 Bb7 9. Qc2 Nbd7 10. O-O Qe7 11. e4 e5 12. d5 c5 13. Ne1 a6 14. Nd3 Rab8 15.
a4 Rbe8 16. h3 Nh5 17. Kh2 g6 18. f4 exf4 19. gxf4 Ng7 20. Rae1 Qh4 21. Qf2 Qh6
22. e5 Nf5 23. Ne4 dxe5 24. fxe5 Qg7 25. Nd6 Nxd6 26. exd6 f6 27. a5 Ne5 28.
Nxe5 fxe5 29. Qe3 Rxf1 30. Rxf1 e4 31. axb6 Bc8 32. b4 cxb4 33. c5 Bf5 34. c6
Qe5+ 35. Qg3 Qxd5 36. d7 Rf8 37. b7 1-0

[Event "ch-RUS Rapid Women 2017"]
[Site "Sochi RUS"]
[Date "2017.10.01"]
[Round "6.10"]
[White "Kharmunova, Nadezhda"]
[Black "Charochkina, Daria"]
[Result "0-1"]
[WhiteTitle "WIM"]
[BlackTitle "IM"]
[WhiteElo "2199"]
[BlackElo "2339"]
[WhiteFideId "4195876"]
[BlackFideId "4180917"]
[EventDate "2017.09.30"]

1. d4 d5 2. Nf3 Nf6 3. g3 g6 4. Bg2 Bg7 5. O-O O-O 6. Nbd2 b6 7. Ne5 Bb7 8. c4
Nbd7 9. f4 e6 10. b4 Ne4 11. Nxe4 dxe4 12. c5 Bd5 13. Qc2 f6 14. Ng4 f5 15. Ne5
Nxe5 16. fxe5 a5 17. b5 bxc5 18. Qxc5 Rf7 19. a4 Bf8 20. Qc2 c6 21. Ba3 Bh6 22.
Bc1 e3 23. Bxd5 cxd5 24. Qc6 Qc8 25. Ba3 Qxc6 26. bxc6 Rc7 27. Rfc1 Ra6 28. Rab1
Raxc6 29. Rb8+ Kf7 30. Rxc6 Rxc6 31. Rb7+ Kg8 32. Rb8+ Kf7 33. Bc5 g5 34. Ra8 f4
35. g4 Rc7 36. Rxa5 Bf8 37. Kg2 Bxc5 38. dxc5 Ke7 39. Rb5 Kd7 40. Ra5 Kc6 41.
Kf3 Rb7 42. Ra6+ Kxc5 43. Rxe6 Rb1 44. Ra6 Rf1+ 45. Kg2 Rf2+ 46. Kg1 Rxe2 47. e6
f3 48. h4 f2+ 49. Kg2 Re1 0-1

[Event "ch-RUS Rapid Women 2017"]
[Site "Sochi RUS"]
[Date "2017.10.01"]
[Round "6.11"]
[White "Bivol, Alina"]
[Black "Shafigullina, Zarina"]
[Result "1/2-1/2"]
[WhiteTitle "WGM"]
[BlackTitle "WFM"]
[WhiteElo "2375"]
[BlackElo "2130"]
[WhiteFideId "4100123"]
[BlackFideId "24174220"]
[EventDate "2017.09.30"]

1. e4 c5 2. Nf3 Nc6 3. Nc3 Nf6 4. d4 cxd4 5. Nxd4 e5 6. Ndb5 d6 7. Bg5 a6 8. Na3
b5 9. Bxf6 gxf6 10. Nd5 Bg7 11. g3 O-O 12. Bg2 Ne7 13. Nxe7+ Qxe7 14. O-O Rb8
15. c3 f5 16. exf5 Bxf5 17. Nc2 Be6 18. Nb4 Rb6 19. a4 a5 20. Nc6 Qc7 21. Nxa5
bxa4 22. Rxa4 Rxb2 23. c4 Rb6 24. Bd5 Ra6 25. Qd2 Bxd5 26. cxd5 Rfa8 27. Rfa1 e4
28. R1a3 Qd7 29. Qb4 Qa7 30. Kg2 Qc5 31. Qd2 Qc7 32. Qa2 Qd7 33. Nc6 Rxa4 34.
Rxa4 Rxa4 35. Qxa4 Qe8 36. Qa7 Bf6 37. Qe3 Kh8 38. Qf4 Bg7 39. Qxd6 e3 40. fxe3
Qe4+ 41. Kf2 Qc2+ 42. Kf3 Qf5+ 43. Qf4 Qxd5+ 44. Qe4 Qd1+ 45. Kg2 Qe2+ 46. Kg1
Qe1+ 47. Kg2 Qe2+ 48. Kg1 Qe1+ 1/2-1/2

[Event "ch-RUS Rapid Women 2017"]
[Site "Sochi RUS"]
[Date "2017.10.01"]
[Round "6.12"]
[White "Sukhareva, Evgeniya"]
[Black "Pischal, Yulia"]
[Result "1-0"]
[BlackTitle "WFM"]
[WhiteElo "2207"]
[BlackElo "1963"]
[WhiteFideId "4167155"]
[BlackFideId "14102390"]
[EventDate "2017.09.30"]

1. d4 f5 2. c4 Nf6 3. Nc3 g6 4. h4 Bg7 5. h5 Nxh5 6. e4 e6 7. Rxh5 gxh5 8. Qxh5+
Kf8 9. exf5 Qe8 10. Qh4 exf5+ 11. Be2 Nc6 12. Nf3 Nb4 13. Kd1 d6 14. Bh6 Be6 15.
Qf6+ 1-0

[Event "ch-RUS Rapid Women 2017"]
[Site "Sochi RUS"]
[Date "2017.10.01"]
[Round "6.13"]
[White "Bezgodova, Svetlana"]
[Black "Afanasieva, Alexandra"]
[Result "1-0"]
[WhiteTitle "WIM"]
[BlackTitle "WFM"]
[WhiteElo "2060"]
[BlackElo "2112"]
[WhiteFideId "4110650"]
[BlackFideId "34126926"]
[EventDate "2017.09.30"]

1. Nf3 d5 2. c3 Nf6 3. d3 c5 4. Nbd2 Nc6 5. e4 e5 6. Be2 Be7 7. O-O O-O 8. a3
Qc7 9. Re1 b5 10. a4 b4 11. exd5 Nxd5 12. Qc2 Nf4 13. Bf1 Rd8 14. Nc4 f6 15. Be3
Bf5 16. Rad1 Bg4 17. Bxf4 exf4 18. Be2 Rac8 19. h3 Bf5 20. Nh4 Be6 21. Bf3 Ne5
22. Be4 Bd5 23. Bxd5+ Rxd5 24. Qb3 Kh8 25. Nxe5 Rxe5 26. Nf3 Rxe1+ 27. Rxe1 Bd6
28. Qe6 Rf8 29. Nd2 bxc3 30. bxc3 Qf7 31. Qxd6 f5 32. Qxc5 Rg8 33. Nf3 Qa2 34.
a5 Qc2 35. Ng5 h6 36. Nf7+ Kh7 37. Qxf5+ g6 38. Qxf4 1-0

[Event "ch-RUS Rapid Women 2017"]
[Site "Sochi RUS"]
[Date "2017.10.01"]
[Round "6.14"]
[White "Vasilevich, Tatjana"]
[Black "Fairuzova, Zulfiiya"]
[Result "1-0"]
[WhiteTitle "IM"]
[WhiteElo "2360"]
[BlackElo "1714"]
[WhiteFideId "14101610"]
[BlackFideId "34107654"]
[EventDate "2017.09.30"]

1. d4 Nf6 2. Nf3 e6 3. e3 b6 4. Bd3 Bb7 5. O-O Be7 6. Nbd2 d6 7. b3 Nbd7 8. Bb2
O-O 9. Qe2 c5 10. c4 Qc7 11. e4 e5 12. d5 Nh5 13. g3 Nhf6 14. Nh4 Rfe8 15. Nf5
Bf8 16. f4 exf4 17. gxf4 Bc8 18. Rae1 b5 19. Qg2 bxc4 20. Nxc4 Kh8 21. Ncxd6
Bxd6 22. Qxg7# 1-0

[Event "ch-RUS Rapid Women 2017"]
[Site "Sochi RUS"]
[Date "2017.10.01"]
[Round "6.15"]
[White "Potapova, Margarita"]
[Black "Nebolsina, Vera"]
[Result "1-0"]
[WhiteTitle "WFM"]
[BlackTitle "WGM"]
[WhiteElo "2187"]
[BlackElo "2220"]
[WhiteFideId "14126869"]
[BlackFideId "4163591"]
[EventDate "2017.09.30"]

1. e4 c5 2. Nf3 d6 3. d4 cxd4 4. Nxd4 Nf6 5. Nc3 a6 6. Be3 e5 7. Nb3 Be6 8. f3
Be7 9. Qd2 Nbd7 10. O-O-O O-O 11. g4 b5 12. g5 b4 13. Ne2 Ne8 14. f4 a5 15. f5
a4 16. Nbd4 exd4 17. Nxd4 b3 18. Kb1 bxc2+ 19. Nxc2 Nc7 20. fxe6 Nxe6 21. h4 Ne5
22. Nd4 Nxd4 23. Qxd4 Qc8 24. Bh3 Qb7 25. Qb6 Qxe4+ 26. Ka1 Rab8 27. Qd4 Rb4 28.
Qxe4 Rxe4 29. Bf2 Rb8 30. Rhe1 Rxe1 31. Rxe1 Kf8 32. Re4 a3 33. b3 f6 34. Be3 d5
35. Ra4 Bd6 36. gxf6 gxf6 37. Ra7 Nc6 38. Bh6+ Ke8 39. Bd7+ Kd8 40. Bxc6 Rc8 41.
Rd7+ 1-0

[Event "ch-RUS Rapid Women 2017"]
[Site "Sochi RUS"]
[Date "2017.10.01"]
[Round "6.16"]
[White "Komiagina, Maria"]
[Black "Belenkaya, Dina"]
[Result "1/2-1/2"]
[WhiteTitle "WIM"]
[BlackTitle "WGM"]
[WhiteElo "2234"]
[BlackElo "2346"]
[WhiteFideId "4153987"]
[BlackFideId "24142654"]
[EventDate "2017.09.30"]

1. e4 c6 2. d4 d5 3. e5 c5 4. dxc5 Nc6 5. Bb5 Qa5+ 6. Nc3 e6 7. Be3 Ne7 8. a3
Nf5 9. Bf4 Qc7 10. b4 g5 11. Bxg5 Qxe5+ 12. Nce2 Bg7 13. Rb1 O-O 14. Nf3 Qc7 15.
O-O a5 16. Qd2 axb4 17. axb4 Ra3 18. c3 Bd7 19. Rfe1 h6 20. Bf4 e5 21. Bg3 Nxg3
22. hxg3 Be6 23. Bxc6 bxc6 24. Ra1 Rfa8 25. Qb2 Qa7 26. Rxa3 Qxa3 27. Qxa3 Rxa3
28. Rc1 Kf8 29. Kf1 Ke7 30. Ke1 h5 31. Kd1 Bh6 32. Nd2 Bf5 33. f4 f6 34. Nf3 Bd3
35. Kd2 Bc4 36. Rc2 Ra1 37. Ne1 h4 38. gxh4 Bxe2 39. Kxe2 Bxf4 40. Nf3 Bg3 41.
Rb2 Kd7 42. h5 e4 43. Nd4 Rg1 44. Rb3 Rxg2+ 45. Kf1 Rf2+ 46. Kg1 e3 47. c4 Rd2
48. Nf3 d4 49. h6 Bf2+ 50. Kf1 Ra2 51. h7 Ra8 52. Nxd4 Re8 53. Ke2 Rh8 54. Nf5
Rxh7 55. b5 Rh5 56. Nxe3 Bxe3 57. Rxe3 Rxc5 58. bxc6+ Rxc6 59. Kd3 1/2-1/2

[Event "ch-RUS Rapid Women 2017"]
[Site "Sochi RUS"]
[Date "2017.10.01"]
[Round "7.1"]
[White "Bodnaruk, Anastasia"]
[Black "Gritsayeva, Oksana"]
[Result "1-0"]
[WhiteTitle "IM"]
[BlackTitle "WFM"]
[WhiteElo "2432"]
[BlackElo "2373"]
[WhiteFideId "4181751"]
[BlackFideId "14104652"]
[EventDate "2017.09.30"]

1. e4 e5 2. Nf3 Nf6 3. d4 Nxe4 4. dxe5 d5 5. Nbd2 Be7 6. c3 O-O 7. Bd3 Nxd2 8.
Bxd2 Bg4 9. h3 Bh5 10. Qc2 Bg6 11. Bxg6 hxg6 12. O-O-O Qd7 13. h4 Nc6 14. h5 Qf5
15. h6 Qxc2+ 16. Kxc2 Rfd8 17. hxg7 Kxg7 18. Bh6+ Kg8 19. Rh3 f6 20. Bf4 Kg7 21.
exf6+ Bxf6 22. Bxc7 Rd7 23. Bf4 Re8 24. Bg5 Re2+ 25. Rd2 Rxd2+ 26. Kxd2 d4 27.
Bxf6+ Kxf6 28. Nxd4 Nxd4 29. Rd3 Nf3+ 30. gxf3 Rh7 31. c4 Ke5 32. Ke3 b6 33. b4
Ke6 34. a4 Rh1 35. c5 bxc5 36. bxc5 Rc1 37. Kd4 Ra1 38. Re3+ Kd7 39. Kd5 Rd1+
40. Kc4 Rc1+ 41. Rc3 Rb1 42. Rd3+ Kc7 43. Rd6 Rc1+ 44. Kb5 Rb1+ 45. Kc4 Rc1+ 46.
Kd5 Rd1+ 47. Ke6 Re1+ 48. Kf6 Rc1 49. Kxg6 Rxc5 50. Rd4 Rc2 51. f4 Rxf2 52. f5
Kc6 53. f6 Kc5 54. Rd7 a5 55. f7 Rg2+ 56. Kh7 Rh2+ 57. Kg7 Rg2+ 58. Kf8 Kc6 59.
Ke8 1-0

[Event "ch-RUS Rapid Women 2017"]
[Site "Sochi RUS"]
[Date "2017.10.01"]
[Round "7.2"]
[White "Pogonina, Natalija"]
[Black "Kashlinskaya, Alina"]
[Result "1/2-1/2"]
[WhiteTitle "WGM"]
[BlackTitle "IM"]
[WhiteElo "2466"]
[BlackElo "2446"]
[WhiteFideId "4147855"]
[BlackFideId "4198026"]
[EventDate "2017.09.30"]

1. d4 Nf6 2. Nf3 g6 3. Nbd2 d5 4. c4 Bg7 5. cxd5 Nxd5 6. e4 Nb6 7. Nb3 Bg4 8.
Be2 O-O 9. O-O Nc6 10. Be3 Bxf3 11. Bxf3 Nc4 12. e5 Nxb2 13. Qc2 Na4 14. Bxc6
bxc6 15. Qxc6 Nb6 16. Rac1 Nd5 17. Bg5 h6 18. Bd2 e6 19. Ba5 Qh4 20. Qc2 Rac8
21. g3 Qg4 22. Qd1 Qh3 23. Qe2 h5 24. Qe4 Bh6 25. Rc2 Kg7 26. Nc5 h4 27. Qxh4
Qxh4 28. gxh4 Rh8 29. Nd3 c6 30. Rb1 Bf4 31. Nxf4 Nxf4 32. f3 Rxh4 33. Be1 Nh3+
34. Kg2 Nf4+ 35. Kf1 Rhh8 36. Rb7 Nd5 37. Kg1 a6 38. Bf2 g5 39. Rcb2 Kg6 40. Ra7
Rb8 41. Rbb7 Nf4 42. Be3 Nd5 43. Bf2 Nf4 44. Be3 Nd5 45. Bf2 Nf4 46. Be3 Nd5 47.
Bf2 1/2-1/2

[Event "ch-RUS Rapid Women 2017"]
[Site "Sochi RUS"]
[Date "2017.10.01"]
[Round "7.3"]
[White "Ambartsumova, Karina"]
[Black "Ubiennykh, Ekaterina"]
[Result "1/2-1/2"]
[WhiteTitle "WGM"]
[BlackTitle "WIM"]
[WhiteElo "2359"]
[BlackElo "2308"]
[WhiteFideId "4166299"]
[BlackFideId "4137582"]
[EventDate "2017.09.30"]

1. d4 d5 2. Nf3 Nf6 3. Bf4 c5 4. e3 Nc6 5. Nbd2 cxd4 6. exd4 Qb6 7. Nb3 Bg4 8.
Be2 e6 9. O-O Be7 10. c3 O-O 11. Ne5 Bxe2 12. Qxe2 a5 13. Nc1 Nxe5 14. Bxe5 Qa6
15. Qxa6 Rxa6 16. a4 Ne4 17. Nd3 g5 18. f3 Nd2 19. Rfe1 f6 20. Bg3 Kf7 21. Re2
Nc4 22. Rae1 Rc6 23. h4 h6 24. hxg5 hxg5 25. f4 gxf4 26. Nxf4 Bd6 27. b3 Bxf4
28. Bxf4 Nb6 29. Bd2 Re8 30. Rf1 Rg8 31. Rf3 Nd7 32. Rh3 Rg7 33. Bf4 Rc8 34.
Rhe3 Rc6 35. Rh3 Rc8 36. Rhe3 Rc6 1/2-1/2

[Event "ch-RUS Rapid Women 2017"]
[Site "Sochi RUS"]
[Date "2017.10.01"]
[Round "7.4"]
[White "Styazhkina, Anna"]
[Black "Goryachkina, Aleksandra"]
[Result "1/2-1/2"]
[WhiteTitle "WIM"]
[BlackTitle "WGM"]
[WhiteElo "2301"]
[BlackElo "2478"]
[WhiteFideId "24119300"]
[BlackFideId "4147103"]
[EventDate "2017.09.30"]

1. e4 Nf6 2. e5 Nd5 3. c4 Nb6 4. d4 d6 5. exd6 cxd6 6. Nc3 g6 7. Be3 Bg7 8. Rc1
O-O 9. b3 N6d7 10. Nf3 Nf6 11. h3 d5 12. Be2 Nc6 13. O-O Bf5 14. Ne5 Rc8 15. Bf3
dxc4 16. Nxc6 bxc6 17. bxc4 Qa5 18. Qe2 Rfd8 19. Rfd1 Qa6 20. Bf4 Be6 21. Nb1
Ne8 22. Be5 Bxe5 23. Qxe5 Nd6 24. Nd2 Nxc4 25. Be2 Nxe5 26. Bxa6 Nd7 27. Bxc8
Rxc8 28. Nb3 Bd5 29. Nc5 Nb6 30. a4 e6 31. a5 Nc4 32. a6 Nb6 33. Rb1 Rd8 34. Rb4
Bc4 35. Rc1 Bb5 36. Rd1 Nd5 37. Rb2 Nc7 38. Ra2 Kf8 39. f3 Ke7 40. Kf2 Rd5 41.
Ke3 Rd8 42. Ra3 Rb8 43. Rb1 Rd8 44. Rd1 Rd5 45. Rd2 Ne8 46. Ne4 Nd6 47. Nxd6
Kxd6 48. f4 Kc7 49. Rc2 Kb6 50. Rb2 h5 51. g4 Kc7 52. Rc2 Kd6 53. Rd2 Ke7 54.
Rc2 1/2-1/2

[Event "ch-RUS Rapid Women 2017"]
[Site "Sochi RUS"]
[Date "2017.10.01"]
[Round "7.5"]
[White "Voit, Daria"]
[Black "Sukhareva, Evgeniya"]
[Result "1/2-1/2"]
[WhiteTitle "FM"]
[WhiteElo "2387"]
[BlackElo "2207"]
[WhiteFideId "4182146"]
[BlackFideId "4167155"]
[EventDate "2017.09.30"]

1. d4 Nf6 2. c4 e6 3. Nf3 b6 4. g3 Bb7 5. Bg2 g6 6. O-O Bg7 7. Re1 d5 8. cxd5
exd5 9. Ne5 O-O 10. Nc3 Re8 11. f4 Na6 12. Be3 c6 13. Rc1 Rc8 14. Bf2 Qd6 15.
Qa4 b5 16. Qd1 Nc7 17. Bh3 Ne6 18. Qd3 a6 19. Bg2 c5 20. dxc5 Nxc5 21. Qd2 b4
22. Nxd5 Nxd5 23. e4 Nxe4 24. Rxc8 Nxd2 25. Rxe8+ Bf8 26. Rd1 Nc3 27. bxc3 Bxg2
28. Kxg2 bxc3 29. Rc1 Qd5+ 30. Kg1 f6 31. Rxc3 fxe5 32. Rcc8 Qd3 33. Rxf8+ Kg7
34. Rg8+ Kh6 35. Rc1 Nf3+ 36. Kg2 Qd5 37. Rgc8 Nd2+ 38. Kg1 Nf3+ 39. Kg2 Nd2+
40. Kg1 Nf3+ 1/2-1/2

[Event "ch-RUS Rapid Women 2017"]
[Site "Sochi RUS"]
[Date "2017.10.01"]
[Round "7.6"]
[White "Nechaeva, Marina"]
[Black "Tomilova, Elena"]
[Result "1/2-1/2"]
[WhiteTitle "IM"]
[BlackTitle "WIM"]
[WhiteElo "2431"]
[BlackElo "2307"]
[WhiteFideId "4149351"]
[BlackFideId "4162340"]
[EventDate "2017.09.30"]

1. d4 d5 2. c4 c6 3. Nc3 dxc4 4. e3 b5 5. a4 b4 6. Ne4 Qd5 7. Ng3 Nf6 8. Nf3 e6
9. Be2 Nbd7 10. Qc2 Ba6 11. O-O b3 12. Qb1 Bb4 13. Bd2 Qa5 14. Bxb4 Qxb4 15. Qc1
c5 16. Ne5 cxd4 17. exd4 h6 18. Nxd7 Nxd7 19. d5 O-O 20. dxe6 fxe6 21. Qe3 Qb6
22. Qc3 Nf6 23. a5 Qc6 24. Rac1 Rac8 25. Bf3 Nd5 26. Qe5 Rce8 27. Rfd1 Bb7 28.
h3 Qc8 29. Ne4 Rf5 30. Qd4 Qb8 31. Qxc4 Nf4 32. Qxb3 Bxe4 33. Qxb8 Rxb8 34. Bxe4
Ne2+ 35. Kh2 Nxc1 36. Bxf5 exf5 37. Rxc1 Rxb2 38. Rc8+ Kh7 39. Rc7 Rxf2 40. Rxa7
f4 41. Kg1 Ra2 42. a6 Kg6 43. h4 Kh5 44. Rxg7 Rxa6 45. g3 fxg3 46. Rxg3 1/2-1/2

[Event "ch-RUS Rapid Women 2017"]
[Site "Sochi RUS"]
[Date "2017.10.01"]
[Round "7.7"]
[White "Girya, Olga"]
[Black "Bezgodova, Svetlana"]
[Result "1/2-1/2"]
[WhiteTitle "WGM"]
[BlackTitle "WIM"]
[WhiteElo "2505"]
[BlackElo "2060"]
[WhiteFideId "4195752"]
[BlackFideId "4110650"]
[EventDate "2017.09.30"]

1. d4 Nf6 2. c4 d6 3. Nf3 Nbd7 4. Nc3 c6 5. e4 e5 6. Be2 Be7 7. O-O O-O 8. Qc2
Re8 9. Be3 Ng4 10. Bd2 a6 11. h3 Ngf6 12. Rfd1 Bf8 13. Be3 b5 14. a3 Bb7 15.
dxe5 dxe5 16. b4 h6 17. Nd2 Qe7 18. Nb3 Rad8 19. Rd2 Bc8 20. Rad1 Nb8 21. Bb6
Rxd2 22. Rxd2 Be6 23. Na5 Nfd7 24. Be3 Qf6 25. c5 Qg6 26. Kh2 Be7 27. Qd1 Nf6
28. Bf3 Rc8 29. Nb7 Ne8 30. Nd8 Bc4 31. Bh5 Qf6 32. Nb7 Be6 33. Bg4 Rc7 34. Na5
Bxg4 35. Qxg4 Qe6 36. Qxe6 fxe6 37. Ne2 Nf6 38. f3 Kf7 39. Nc1 Nh5 40. Nd3 Nd7
41. g4 Nhf6 42. Bf2 Ne8 43. Bg3 Bf6 44. h4 g6 45. Kg2 g5 46. hxg5 hxg5 47. Rd1
Bg7 48. Rh1 Kg6 49. Kf2 Bf6 50. Ke2 Ng7 51. Ra1 Kf7 52. a4 Ne8 53. axb5 cxb5 54.
c6 Nb6 55. Nxe5+ Bxe5 56. Bxe5 Rc8 57. Nb7 Ke7 58. Na5 Nd6 59. Bd4 Na4 60. Be3
Kf6 61. Rh1 Nf7 62. Bd4+ e5 63. Be3 Kg6 64. Rc1 Rc7 65. Kf2 Nb2 66. Rb1 Nc4 67.
Rc1 Nfd6 68. Bc5 Nxa5 69. Bxd6 Rxc6 70. Rd1 Rc2+ 71. Kg3 Nc4 72. Be7 Rg2+ 73.
Kh3 Rd2 74. Ra1 Rd3 75. Rxa6+ Kf7 76. Bxg5 Rxf3+ 77. Kg2 Rb3 78. Ra7+ Kg6 79.
Be7 Ne3+ 80. Kf3 Nd5+ 81. Ke2 Nxb4 82. Bd6 Nc6 83. Ra6 Rc3 84. Bxe5 Rc4 85. Kf3
Kg5 86. Bf4+ Kh4 87. Bg3+ Kg5 88. Bf4+ Kh4 1/2-1/2

[Event "ch-RUS Rapid Women 2017"]
[Site "Sochi RUS"]
[Date "2017.10.01"]
[Round "7.8"]
[White "Charochkina, Daria"]
[Black "Shaydullina, Sandugach"]
[Result "1-0"]
[WhiteTitle "IM"]
[BlackTitle "WGM"]
[WhiteElo "2339"]
[BlackElo "2185"]
[WhiteFideId "4180917"]
[BlackFideId "4140389"]
[EventDate "2017.09.30"]

1. d4 f5 2. Bg5 g6 3. Nc3 Bg7 4. Qd2 h6 5. Bf4 d6 6. h4 Nf6 7. O-O-O e6 8. f3
Nbd7 9. e4 Nh5 10. Bh2 Bf6 11. g4 fxg4 12. fxg4 Ng7 13. Nf3 Be7 14. Bd3 Nf8 15.
Rdf1 c6 16. Kb1 Kd7 17. d5 Kc7 18. Ne5 Rh7 19. Nf7 Qe8 20. e5 Nf5 21. exd6+ Nxd6
22. Nxd6 Bxd6 23. Bxd6+ Kxd6 24. Qf4+ e5 25. Qxf8+ Qxf8 26. Rxf8 cxd5 27. Bxg6
Rg7 28. Bf5 Bxf5 29. Rxa8 Rxg4 30. Rd8+ Bd7 31. Nxd5 Rg6 32. Rd1 1-0